Sinergi
| Main Author: | |
|---|---|
| Format: | Book |
| Published: |
Selangor :
Galeri Ilmu Sdn. Bhd ,
2010
|
| Subjects: |
MARC
| LEADER | 00000cam a2200000 7i4500 | ||
|---|---|---|---|
| 001 | 0000034828 | ||
| 005 | 20121015.0 | ||
| 008 | 121015 | ||
| 020 | |a 9830972503 | ||
| 090 | 0 | 0 | |a HIL |b MAL |
| 100 | 0 | |a Hilal Asyraf | |
| 245 | 1 | 0 | |a Sinergi |c Hilal Asyraf |
| 260 | |a Selangor : |b Galeri Ilmu Sdn. Bhd , |c 2010 | ||
| 650 | 0 | |a Malay fiction |x Malay | |
| 999 | |a 0001158966 |b Book |c Adult Collection |e Perbadanan Perpustakaan Awam Johor | ||